000 00679nam a2200277Ia 4500
005 20260324123929.0
008 008 260324s9999 xx 000 0 eng d
020 _a9780203828083
037 _aEBOOK
040 _aCRL
040 _beng
040 _cCRL
041 _2eng
041 _aeng
084 _qCRL
100 _aChristos Pitelis; Jack Keenan; Vicky Pryce
_91172200
245 0 _aGreen Business, Green Values, and Sustainability
260 _bTaylor and Francis
260 _c2011
365 _a
365 _b255
856 _uhttp://www.taylorfrancis.com/books/9780203828083
942 _cEBOOK
999 _c1766139
_d1766139